| Tag |
First Indicator |
Second Indicator |
Subfields |
| LEADER |
00000cam a2200000 4500 |
| 001 |
in00000279913 |
| 005 |
20151010072531.0 |
| 008 |
700805r19701917nyuc b 00100 eng |
| 010 |
|
|
|a 73107769
|
| 020 |
|
|
|a 0404052371
|
| 035 |
|
|
|a (OCoLC)00088710
|
| 035 |
|
|
|9 ABE9399AM
|
| 040 |
|
|
|a DLC
|c DLC
|d TXA
|d UtOrBLW
|
| 043 |
|
|
|a a-ja---
|
| 049 |
|
|
|a TXAM
|c [1145515]
|
| 050 |
0 |
0 |
|a BL1440
|b .R5 1970
|
| 082 |
0 |
|
|a 294.3/92/0952
|
| 100 |
1 |
|
|a Reischauer, August Karl,
|d 1879-
|
| 245 |
1 |
0 |
|a Studies in Japanese Buddhism.
|
| 264 |
|
1 |
|a New York :
|b AMS Press,
|c [1970]
|
| 300 |
|
|
|a xviii, 361 pages :
|b portrait ;
|c 23 cm.
|
| 336 |
|
|
|a text
|b txt
|2 rdacontent
|
| 337 |
|
|
|a unmediated
|b n
|2 rdamedia
|
| 338 |
|
|
|a volume
|b nc
|2 rdacarrier
|
| 500 |
|
|
|a Reprint of the 1917 edition.
|
| 504 |
|
|
|a "Selected bibliography of works in Japanese": pages 349-351.
|
| 650 |
|
0 |
|a Buddhism
|z Japan.
|
| 999 |
|
|
|a MARS
|
| 999 |
f |
f |
|s ddd4cc8b-40e8-3b62-8552-22acaf84e93c
|i 795aea7c-f5c8-3f3b-857a-7e5248efa8d4
|t 0
|
| 952 |
f |
f |
|p ric
|a Texas A&M University
|b Rellis Campus
|c Joint Library Facility
|d Remote Storage
|t 0
|e BL1440 .R5 1970
|h Library of Congress classification
|i unmediated -- volume
|m A14801742961
|
| 998 |
f |
f |
|a BL1440 .R5 1970
|t 0
|l Remote Storage
|